| 000 | 00824cam a2200289 4500 | ||
|---|---|---|---|
| 008 | 090401t1994 xxu||||| |||| 00| 0 eng d | ||
| 020 | _a187424118X | ||
| 035 | _a(Sirsi) u33608 | ||
| 041 | _aeng | ||
| 050 | _a658.99 | ||
| 110 |
_aFreshfields _91114 |
||
| 245 | _aFreshfields guide to management contracting law and practice. | ||
| 260 |
_aLondon _bCavendish Publishing Ltd. _c1994 |
||
| 300 | _a141p. ; 23cm. | ||
| 350 | _a24.95 | ||
| 520 | _aProduced by members of Freshfields Construction and Engineering Group. | ||
| 650 | _aCONSTRUCTION PROCUREMENT | ||
| 650 |
_aContracts _96232 |
||
| 650 |
_aDISPUTE RESOLUTION _96236 |
||
| 650 | _aLIABILITY | ||
| 650 | _aMANAGEMENT CONTRACTING | ||
| 650 | _aPRICING | ||
| 650 | _aRISK ALLOCATION | ||
| 650 | _aTERMINATION | ||
| 942 | _n0 | ||
| 948 | _c04/03/1997 | ||
| 999 |
_c89828 _d89828 |
||